Class president / (Record no. 3164)

MARC details
000 -LEADER
fixed length control field 01272cam a2200397 a 4500
001 - CONTROL NUMBER
control field 3164
003 - CONTROL NUMBER IDENTIFIER
control field FISKH
005 - DATE AND TIME OF LATEST TRANSACTION
control field 20250211153449.0
008 - FIXED-LENGTH DATA ELEMENTS--GENERAL INFORMATION
fixed length control field 980219s1999 nyua b 000 1 eng
010 ## - LIBRARY OF CONGRESS CONTROL NUMBER
LC control number 98014313
020 ## - INTERNATIONAL STANDARD BOOK NUMBER
International Standard Book Number 067988999X (trade)
020 ## - INTERNATIONAL STANDARD BOOK NUMBER
International Standard Book Number 0679989994 (glb)
020 ## - INTERNATIONAL STANDARD BOOK NUMBER
International Standard Book Number 9780439106306
035 ## - SYSTEM CONTROL NUMBER
System control number (DLC) 98014313
040 ## - CATALOGING SOURCE
Original cataloging agency DLC
Transcribing agency DLC
Modifying agency DLC
Language of cataloging eng
042 ## - AUTHENTICATION CODE
Authentication code lcac
050 00 - LIBRARY OF CONGRESS CALL NUMBER
Classification number PZ7.S1185
Item number Mao 1999
082 00 - DEWEY DECIMAL CLASSIFICATION NUMBER
Classification number [Fic]
Edition number 21
100 1# - MAIN ENTRY--PERSONAL NAME
Personal name Sachar, Louis,
Dates associated with a name 1954-
245 10 - TITLE STATEMENT
Title Class president /
Remainder of title Marvin Redpost,
Statement of responsibility, etc. by Louis Sachar
246 30 - VARYING FORM OF TITLE
Title proper/short title Class president
260 ## - PUBLICATION, DISTRIBUTION, ETC.
Place of publication, distribution, etc. New York :
Name of publisher, distributor, etc. Scholastic,
Date of publication, distribution, etc. 1999
300 ## - PHYSICAL DESCRIPTION
Extent 67 pages :
Other physical details illustrations,
Dimensions 20 cm
490 ## - SERIES STATEMENT
Series statement Marvin Redpost
Volume/sequential designation Book 5
500 ## - GENERAL NOTE
General note "A Stepping Stone book."
505 ## - FORMATTED CONTENTS NOTE
Formatted contents note H<br/>
520 ## - SUMMARY, ETC.
Summary, etc. Even though they have all come to school in holey clothes, Marvin and his third grade class manage to impress their surprise visitor--the President of the United States.
521 8# - TARGET AUDIENCE NOTE
Target audience note 430 <br/>
Source Lexile<br/>
521 8# - TARGET AUDIENCE NOTE
Target audience note H<br/>
Source Raz-Plus<br/>
650 #1 - SUBJECT ADDED ENTRY--TOPICAL TERM
Topical term or geographic name entry element Schools
General subdivision Fiction.
650 #1 - SUBJECT ADDED ENTRY--TOPICAL TERM
Topical term or geographic name entry element Presidents
General subdivision Fiction.
650 #1 - SUBJECT ADDED ENTRY--TOPICAL TERM
Topical term or geographic name entry element Citizenship
General subdivision Fiction.
700 1# - ADDED ENTRY--PERSONAL NAME
Personal name Wummer, Amy,
Relator term illustrator
906 ## - LOCAL DATA ELEMENT F, LDF (RLIN)
a 7
b cbc
c orignew
d 1
e ocip
f 19
g y-gencatlg
942 ## - ADDED ENTRY ELEMENTS (KOHA)
Source of classification or shelving scheme Dewey Decimal Classification
Koha item type Books
Suppress in OPAC No
Holdings
Withdrawn status Lost status Source of classification or shelving scheme Damaged status Not for loan Collection Home library Current library Shelving location Date acquired Total Checkouts Full call number Barcode Date last seen Copy number Price effective from Koha item type Date last checked out
    Dewey Decimal Classification     Juvenile Fiction Footprints International School Library Network Toul Kork Campus Footprints International School Library Network Toul Kork Campus TK Primary Library Room(4th Floor), Bookcase 1&2, Shelves 1-16, Dark Blue Books 02/15/2024   SAR Fic PZ7.S1185 FISTK00325 02/15/2024 1 02/15/2024 Books  
    Dewey Decimal Classification     Fiction Footprints International School Library Network Toul Kork Campus Footprints International School Library Network Toul Kork Campus TTP Primary Dark Blue Bookshelves 05/10/2024   SAR Fic PZ7.S1185 2024-0601 05/10/2024 2 05/10/2024 Books  
    Dewey Decimal Classification     Fiction Footprints International School Library Network Toul Kork Campus Footprints International School Library Network Toul Kork Campus TTP Primary Dark Blue Bookshelves 05/10/2024   SAR Fic PZ7.S1185 2024-1921 09/12/2024 3 05/10/2024 Books  
    Dewey Decimal Classification     Juvenile Fiction Footprints International School Library Network Toul Kork Campus Footprints International School Library Network Toul Kork Campus TTP Primary Dark Blue Bookshelves 02/11/2025 1 SAR Fic PZ7.S1185 2025-0513 09/30/2025 4 02/11/2025 Books 09/30/2025